000
00261nam a22001217a 4500
008
171004b xxu||||| |||| 00| 0 eng d
041
_a
eng
080
_2
6TH
_a
159.9
100
_a
48
101
_a
PSI
245
_a
SPORT PSYCHOLOGY
_c
COX.R.H
942
_2
udc
_c
BK
999
_c
31773
_d
31773